Statistics for Religion in Egypt

Click here to take the quiz!

General Stats

  • This quiz has been taken 74 times
  • The average score is 3 of 3

Answer Stats

PercentReligion% Correct
9.6%Christian
100%
90.3%Islam
98%
0.1%Other
82%

Score Distribution

Percentile by Number Answered

Percent of People with Each Score

Your Score History

You have not taken this quiz